[Event "Dos Hermanas"]
[Site "Dos Hermanas"]
[Date "1997.04.01"]
[Round "1"]
[White "Illescas Cordoba, Miguel"]
[Black "Karpov, Anatoly"]
[Result "1/2-1/2"]
[WhiteElo "2635"]
[BlackElo "2760"]
[Annotator "Finkel,A"]
[PlyCount "98"]
[EventDate "1997.04.01"]
[EventType "tourn"]
[EventRounds "9"]
[EventCountry "ESP"]
[EventCategory "19"]
[SourceTitle "CBM 059"]
[Source "ChessBase"]
[SourceDate "1997.08.01"]
[SourceVersion "1"]
[SourceVersionDate "1997.08.01"]
[SourceQuality "1"]

1. e4 c6 2. d4 d5 3. Nc3 dxe4 4. Nxe4 Nd7 5. Ng5 Ngf6 6. Bd3 e6 7. N1f3 Bd6 8.
Qe2 h6 9. Ne4 Nxe4 10. Qxe4 c5 {Probably the most precise move.Although 10...
Nf6 also leads to absolutely playable position where nevertheless white's
chances should be prefered.} 11. O-O Qc7 12. Qg4 Kf8 13. c3 (13. Re1 $5 b6 14.
dxc5 Nxc5 15. Bf1 e5 16. Qh5 g6 17. Qh4 Kg7 18. Bd2 f6 $13 {De Firmian,N-Gulko,
B/USA-ch 1996 (36)}) 13... b6 14. Qh4 {After this move black equalises very
easely,but it is not so clear what to do instead.Black has very unpleasent
threat Bb7,Nf6 and B:f3 and white tries to prevent it.} Bb7 15. Be4 Bxe4 16.
Qxe4 Rd8 17. dxc5 (17. Be3 Nf6 18. Qc2 Ke7 19. dxc5 Bxc5 20. Bxc5+ Qxc5 21.
Rad1 $11) 17... Nxc5 18. Qe2 Ke7 $11 19. h3 Rhe8 20. Qc2 {Trying to keep black
king in the center.} (20. Be3 Kf8 21. Rad1 Rd7 22. Bd4 Red8 23. Ne5 Bxe5 24.
Bxe5 Qc6 $11) 20... Nd3 $1 {After this unexpected move white has to play
carefully to keep the balance.} 21. Be3 Ne5 22. Nxe5 Bxe5 23. f4 Bf6 24. f5 Kf8
25. fxe6 Rxe6 26. Bf4 (26. Rae1 Kg8 27. Bf2 Be5 28. Kh1 b5 $15) 26... Qc4 27.
Qh7 $5 Ke7 28. Rae1 (28. Qc2 $11) 28... g6 $1 {Black tries to get something
out of the position.It was dangerous to take on a2 because of} (28... Qxa2 29.
Bxh6 $1 gxh6 30. Qxh6 Bh8 31. Qh4+ $1 Kd7 32. Rd1+ $18) 29. Rxe6+ Qxe6 30. Bg3
$1 (30. Bxh6 $6 Rh8 31. Rxf6 Qxf6 32. Qg7 Rd8 $17) 30... Rh8 $15 31. Qxh8 Bxh8
32. Re1 b5 {In the arising endgame black has slightly better chances,but white
holds the position without any problms.} 33. Kf1 f5 34. Rxe6+ Kxe6 35. Ke2 Kd5
36. Kd3 Bf6 37. b3 a6 38. Bf2 h5 39. c4+ bxc4+ 40. bxc4+ Kc6 $11 41. Be3 g5 42.
Bf2 Be5 43. Be3 Bf6 44. Bf2 Be7 45. Be3 Kd6 46. Bd4 Ke6 47. Bb6 Kd7 48. Bd4 Kc6
49. Be3 Bf6 1/2-1/2

[Event "Vienna Millenium"]
[Site "Vienna"]
[Date "1996.08.11"]
[Round "3"]
[White "Polgar, Judit"]
[Black "Leko, Peter"]
[Result "1-0"]
[WhiteElo "2665"]
[BlackElo "2630"]
[Annotator "Ftacnik,L"]
[PlyCount "105"]
[EventDate "1996.08.09"]
[EventType "tourn"]
[EventRounds "9"]
[EventCountry "AUT"]
[EventCategory "18"]
[SourceTitle "CBM 055"]
[Source "ChessBase"]
[SourceDate "1996.12.01"]
[SourceVersion "1"]
[SourceVersionDate "1996.12.01"]
[SourceQuality "1"]

1. e4 c6 2. d4 d5 3. Nc3 dxe4 4. Nxe4 Nd7 5. Bc4 Ngf6 6. Ng5 e6 7. Qe2 Nb6 8.
Bb3 h6 9. N5f3 c5 10. Bf4 Nbd5 11. Be5 Qa5+ 12. Nd2 b5 13. dxc5 (13. c4 bxc4 (
13... Nb6 14. cxb5 c4 15. Bxc4 Bb7 16. Ngf3 Nxc4 17. Qxc4 Rc8 18. Qd3 Be4 19.
Qe2 Bxf3 20. Qxf3 Nd5 {1/2-1/2 Anand,V-Ivanchuk,V (02)/Moscow PCA 25' (03)/
1994/ (36)}) 14. Bxc4 Nb6 (14... cxd4 15. Ngf3 Bb4 16. O-O Bxd2 17. Nxd2 O-O
18. Nb3 Qb4 19. a3 Qe7 20. Nxd4 Bb7 21. Rac1 Rfd8 22. Bb5 Rdc8 {Stockfleth,
R-Lorenz,R/FRG-chTJ/1989/1-0 (60)}) 15. b4 $5 (15. Bd3 c4 $1) 15... Qxb4 16.
Rb1 Qa5 17. Bb5+ Bd7 18. Bxf6 gxf6 19. Ngf3 cxd4 $1 20. O-O $5 (20. Bxd7+ $5
Nxd7 21. O-O $13) 20... Rd8 $1 21. Ne4 Be7 22. Nxd4 {0-1 Short,N-Speelman,J/
Hastings A2/1988/ (35)}) (13. Bxd5 Nxd5 14. Ngf3 cxd4 15. O-O Bd7 16. Nb3 Qa4
17. Rfd1 Qc4 18. Qe4 d3 19. Bd4 dxc2 20. Rd2 Rc8 21. Rc1 Nf6 22. Qf4 Qa4 23.
Rdxc2 Rd8 24. Nc5 Bxc5 25. b3 Qb4 26. Rxc5 O-O {0-1 Georgiev,Kr-Lehmann,Kl/
Heraklio op (03)/1993/ (39)}) 13... Bxc5 14. a4 $5 $146 (14. Ngf3 O-O (14...
Bb7 15. a4 (15. O-O O-O 16. Ne4 (16. c4 bxc4 17. Bxc4 Qd8 18. Nb3 Bd6 19. Rfd1
Rc8 20. Rac1 Bxe5 21. Qxe5 Qb6 {1/2-1/2 Manik,M-Meduna,E/Hlohovec op/1995/ (28)
}) 16... Nxe4 17. Qxe4 Be7 18. c3 Qb6 19. Bc2 Nf6 20. Qf4 Rac8 21. Rad1 a6 22.
Qg3 Bd5 23. Rd4 Rc4 24. Rfd1 Rfc8 {1/2-1/2 Neumann,A-Schmidt,F/Giessen op (06)/
1995/ (46)}) 15... a6 16. O-O Qb6 17. axb5 axb5 18. c4 Rxa1 19. Rxa1 bxc4 20.
Ba4+ {1/2-1/2 Hracek,Z-Meduna,E/Novy Smokovec/1992/}) 15. O-O (15. O-O-O Bb7
16. g4 Nd7 17. g5 Nxe5 18. Nxe5 Nc3 19. Qg4 Nxa2+ 20. Bxa2 h5 21. Qxh5 Qxa2 22.
Nb3 Bxf2 23. Rd3 Rac8 24. Rh3 Rxc2+ 25. Kxc2 Rc8+ {1-0 Anand,V-Ivanchuk,V/
London PCA (04) 5'/1994/ (42)}) 15... Ba6 16. Bxd5 (16. c3 Qb6 17. Bc2 {
1/2-1/2 Sax,G-Speelman,J/Reykjavik WCup/1988/}) 16... Nxd5 17. Nb3 Qb6 18. Nxc5
Qxc5 19. Bd4 Qc8 {1/2-1/2 Nunn,J-Speelman,J/Reykjavik WCup/1988/}) (14. O-O-O
Bb7 (14... O-O 15. h4 Bb7 16. Rh3 $40 {/^b7-h1, /\g4-g5->>>}) 15. Ne4 Be7 (
15... Nxe4 16. Qxe4 O-O-O 17. Nf3 Ne3 $1 18. Rxd8+ Rxd8 19. Qf4 Nf5 $1 $17) 16.
Nd6+ Bxd6 17. Bxd6 Rd8 18. Be5 O-O 19. Nf3 Nd7 20. Bd6 Rfe8 21. Nd4 a6 {
0-1 Shabalov,A-Karpov,An/Tilburg (04)/1994/ (40)}) (14. c3 Bb7 $1 (14... Qb6
15. a4 bxa4 (15... Bxf2+ 16. Qxf2 Qxf2+ 17. Kxf2 Ng4+ 18. Kg3 Nxe5 19. Bxd5
exd5 20. axb5) 16. Bxa4+ Bd7 17. Nc4 Qd8 18. Nf3 O-O 19. O-O Qc8 20. Nd6 Bxd6
21. Bxd6 Rd8 22. Bg3 (22. Be5 a5 23. Bc2 Bc6 24. Nd4 Bb7 25. Rfe1 Nd7 26. Bg3 {
1/2-1/2 Ivanchuk,V-Gulko,B/Riga Tal (05)/1995/ (43)}) 22... a5 23. Bc2 Qc5 24.
Ne5 Bb5 25. c4 Ba6 26. Rfd1 Nb4 {Ivanov,AV-Yermolinsky,A/New York Syracuse (04)
/1995/1/2-1/2 (60)}) (14... O-O $2 15. Bxd5 Nxd5 16. b4 $18) 15. Ngf3 Qb6 16.
O-O O-O 17. Rad1 Rad8 {Eichorn,E-Morgado,J/corr/1994/}) 14... Bb7 $6 (14... a6
15. Bxd5 Nxd5 16. c3 Qb6 17. axb5 O-O 18. Ne4 $14) (14... O-O $5 15. Qxb5 $2 (
15. c3 bxa4 16. Rxa4 Qb6 17. Ngf3) 15... Bxf2+ 16. Kxf2 Qxd2+ 17. Ne2 Ng4+ $19)
15. Qxb5+ Qxb5 16. axb5 Bxf2+ 17. Kxf2 Ng4+ 18. Ke2 Nxe5 19. Bxd5 $1 (19. Ngf3
Nxf3 20. gxf3 Nf4+ $132) 19... Bxd5 (19... exd5 20. Ngf3 $16) 20. Ngf3 Nc4 (
20... Nxf3 21. gxf3 Rc8 $6 22. Rhc1 $1 Rc7 23. c4 $16) 21. b3 Nxd2 (21... Nd6
22. c4) 22. Kxd2 Bb7 23. Ra5 a6 (23... Bxf3 24. gxf3 Ke7 25. Rha1 Rhd8+ 26. Ke3
$16) 24. bxa6 Bxa6 (24... Rxa6 25. Rxa6 Bxa6 26. Ra1 Bb7 27. Ra7 $16) 25. Rha1
Rd8+ 26. Ke3 Bc8 (26... Bb7 27. Ra7 Bxf3 28. gxf3 $16) 27. Ne5 O-O (27... f6 $5
28. Ng6 Rg8 29. Ra7 Rd7 30. c4 Kf7 31. Nf4 $14) 28. Ra7 Rd5 (28... f6 29. Nc6
Rd6 30. Ne7+ Kh7 31. Ra8 Rdd8 32. R1a7 $16) 29. Nc6 Kh7 30. c4 Rc5 (30... Rd6
31. Ne7 $16) 31. Rc7 Bd7 (31... e5 32. Ra8 $18) (31... Bb7 $5 32. Rxb7 Rxc6 33.
Raa7 Kg6 34. Kd4 $16) 32. Rxd7 Rxc6 33. Raa7 Kg6 (33... Rb6 34. Rab7 Rxb7 (
34... Rb8 35. Rxb8 Rxb8 36. Rd3 $18) 35. Rxb7 Kg6 36. c5 $18) 34. Kd4 e5+ (
34... Rb8 35. Rxf7 Rxb3 36. Rxg7+ $18) (34... Rb6 35. Rab7 (35. Kc3 Rfb8 36.
Rxf7 Rxb3+ 37. Kd4 Rg8 38. c5 Rb2 $132) 35... Rxb7 36. Rxb7 Rd8+ 37. Kc3 $16)
35. Kxe5 Re6+ 36. Kf4 (36. Kd4 Re2) 36... Re2 37. Kf3 Rc2 (37... Rb2 38. Rd6+
f6 39. Rb7 $18) 38. Rd6+ Kh7 (38... f6 39. Rdd7 $18) 39. Rd3 Re8 40. Re3 $1 (
40. Rxf7 Ree2 41. Rfd7 Rxg2 $16) 40... Rxe3+ (40... Rf8 41. h4 $18) 41. Kxe3
Rc3+ 42. Kd4 Rxb3 43. Ra2 $1 (43. Rxf7 $6 Rb2) 43... Kg6 44. c5 Kf5 45. c6 Ke6
(45... Rb1 46. Rc2 Rd1+ 47. Kc5 Ke6 48. Re2+) 46. Rc2 Rb8 (46... Rb4+ $2 47.
Kc5 Rb8 48. Re2+ Kf5 49. c7 $18) 47. Kc5 Rb1 (47... Rc8 48. Re2+ Kf6 49. Kd6
$18) 48. Re2+ Kf5 49. c7 Rc1+ 50. Kd6 Rd1+ (50... g5 51. Re5+ Kf4 52. Rc5) 51.
Ke7 Rc1 52. Kd7 Rd1+ 53. Ke8 (53. Ke8 Rc1 54. Re7 $18) 1-0

[Event "PCA-Wch Candidates m3"]
[Site "New York"]
[Date "1994.??.??"]
[Round "3"]
[White "Short, Nigel D"]
[Black "Gulko, Boris F"]
[Result "1-0"]
[WhiteElo "2655"]
[BlackElo "2615"]
[Annotator "Ftacnik,L"]
[PlyCount "53"]
[EventDate "1994.06.??"]
[EventType "match"]
[EventRounds "8"]
[EventCountry "USA"]
[SourceTitle "CBM 042"]
[Source "ChessBase"]
[SourceDate "1994.10.01"]
[SourceVersion "1"]
[SourceVersionDate "1994.10.01"]
[SourceQuality "1"]

1. e4 {Blatny,P} c6 2. d4 d5 3. Nc3 dxe4 4. Nxe4 Nd7 5. Bc4 Ngf6 6. Ng5 e6 7.
Qe2 Nb6 8. Bb3 h6 9. N5f3 a5 10. c3 (10. a3 a4 11. Ba2 Be7 (11... c5 12. c3 Bd7
(12... Bd6 13. Ne5 cxd4 14. cxd4 O-O 15. Ngf3 Nbd5 16. O-O b5 17. Bd2 Ba6 18.
Rfc1 b4 19. Bc4 Qb6 20. Qe1 Bb7 21. Bd3 b3 22. Nc4 Qd8 23. Nxd6 Qxd6 24. Qe5 {
Renet,O-Arkell,S/Hastings-B/1987/0-1 (52)}) (12... cxd4 13. Nxd4 Bc5 14. Ngf3
O-O 15. Bf4 Nbd5 16. Be5 Ng4 17. Bg3 e5 18. Nxe5 Nxe5 19. Bxe5 Re8 20. O-O b6
21. Rfe1 Bb7 22. Qh5 Qg5 23. Qxg5 hxg5 24. Nf5 $16 {Sherzer,A-Linn,G/Saint
John op-2/1988/1-0 (34)}) 13. Ne5 cxd4 14. cxd4 Be7 15. Ngf3 O-O 16. O-O Be8
17. Bd2 Nbd5 18. Rfc1 Qb6 19. Bc4 Bc6 20. Re1 Nc7 21. Nxc6 bxc6 22. Bf4 Ncd5
23. Be5 Rfd8 24. Rad1 {Karpov,An-Petrosian,T/Tilburg/1982/1-0 (42)}) 12. c3 c5
13. Bf4 (13. dxc5 Nbd7 14. Nd4 Bxc5 15. Ngf3 O-O 16. Bf4 Bxd4 17. cxd4 Nd5 18.
Bd6 Re8 19. O-O N7f6 20. Be5 b5 21. Rfc1 Ba6 22. Qe1 Qb6 23. Rc5 Nd7 24. Bxd5 {
Cabrilo,G-Spiridonov,N/Varna/1983/0-1 (30)}) 13... Bd6 14. Bg3 Bxg3 15. hxg3
cxd4 16. Nxd4 O-O 17. Ngf3 Qc7 18. O-O-O Ra5 19. Rde1 Rc5 20. Ne5 Rd8 21. Nb5
Qe7 22. Kb1 Nbd7 23. Nf3 Nf8 24. Ka1 {Suetin,A-Ciric,DM/Budva/1967/0.5 (41)})
10... c5 11. a3 Qc7 (11... Be7 12. dxc5 Nbd7 13. Ne5 Nxc5 14. Bc4 O-O 15. Ngf3
Bd7 16. O-O Ba4 17. Be3 Qc7 18. Bb5 Bxb5 19. Qxb5 a4 20. Rad1 Nd5 21. Bxc5 Qxc5
22. Qxc5 Bxc5 23. Nd7 Rfc8 24. Nxc5 {Tisdall,J-Ostenstad,B/Nordisk-ch/1987/0.5
(39)}) 12. Nh3 (12. Ne5 $6 {Blatny,P} cxd4 13. cxd4 {Kasparov-Karpov/Linares/
1994/} Bxa3 $1) 12... Bd7 (12... g5 {Blatny,P} 13. dxc5 Bxc5 14. Ne5 {/\f4})
13. O-O Bd6 (13... cxd4) 14. dxc5 Qxc5 (14... Bxc5 15. Bf4 Bd6 16. Bxd6 Qxd6
17. Rad1 $16) 15. Be3 Qc7 16. Bd4 $1 Ng4 $2 (16... Be7 $16) (16... O-O-O {
Blatny,P} 17. Ne5 $14) 17. Nd2 $1 (17. Bxg7 $2 {Blatny,P} Rg8 18. Bd4 Nxh2 {
/\Bc6->}) 17... Nf6 (17... Bxh2+ 18. Kh1 Bg1 (18... h5 {Blatny,P} 19. f3 f5 20.
Bxe6 (20. Ng5 $16) 20... O-O-O 21. Rfd1 $1 $16 Rhe8 $140 $2 22. Bxb6 Qxb6 23.
Bxd7+ Kxd7 24. Nc4+ $18) 19. g3 Nxf2+ 20. Bxf2 $1 (20. Nxf2 Bc6+ 21. Nde4 Bxf2
22. Bxf2 f5 $13) 20... Bxf2 21. Qxf2 $18 (21. Qxf2 Bc6+ 22. Kh2 O-O 23. Nf4 $18
)) (17... Nxh2 18. Rfd1 $1 (18. Bxb6 {Blatny,P} Qxb6 19. Nc4 Qc5 (19... Qxb3
20. Nxd6+ Ke7 21. Rfd1 $18 {פh2}) 20. Nxd6+ Qxd6 21. Rfd1 Qc7 22. g3 $18)
18... O-O (18... h5 $2 19. Bxb6 Qxb6 20. Nc4 $18) 19. Ne4 $18) (17... h5 $5 18.
f4 Bc5 19. Nf3 O-O 20. Rad1 $14) (17... h5 $5 {Blatny,P}) 18. Kh1 O-O $2 (18...
Bxh2 $2 19. Bxb6 $18 (19. Bxb6 {Blatny,P} Qxb6 20. Kxh2 a4 21. Bc4 Qxb2 22. Ne4
$18)) (18... Bc6 19. f4 (19. Bxb6 Qxb6 20. Nc4 Qc7 (20... Qxb3 $6 21. Nxd6+ Kf8
22. Rad1 $36) 21. Nxd6+ Qxd6 22. Rad1 Qc7 $10) 19... Nbd7 20. Nc4 Bc5 21. f5
$36) (18... Be7 19. f4 $40) (18... O-O-O $142 {Blatny,P} 19. Nc4 Nxc4 20. Bxc4
{/\b4-> <<}) 19. Bxf6 gxf6 20. Qg4+ Kh7 (20... Kh8 21. Qh4 Kg7 22. Ne4 Be7 23.
Nf4 $18) 21. Ne4 f5 (21... Be7 22. Nxf6+ $1 Bxf6 (22... Kh8 {Blatny,P} 23. Qe4
{/\Qh7#} Bxf6 24. Bc2 $18) 23. Bc2+ Kh8 24. Qe4 $18) 22. Nf6+ Kh8 23. Qh4 Kg7
24. Rad1 Be5 (24... Bb5 25. Nh5+ Kh7 26. Rxd6 Qxd6 (26... Bxf1 27. Nf6+ Kg7 28.
Qd4 $18) 27. Qf6 Rg8 28. Qxf7+ Kh8 29. Qf6+ Kh7 30. Bxe6 $18) 25. Nh5+ Kh7 26.
f4 Bh8 27. Ng5+ $1 (27. Ng5+ Kg6 (27... hxg5 28. Nf6+ Kg7 29. Qxg5#) (27... Kg8
28. Nf6+ Bxf6 (28... Kg7 {Blatny,P} 29. Ngh7 {/\Qg3#}) 29. Qxh6 Bxg5 30. Qxg5+
Kh7 31. Rf3) 28. Rd3 $18) 1-0

[Event "PCA-Wch Candidates m3"]
[Site "New York"]
[Date "1994.??.??"]
[Round "1"]
[White "Short, Nigel D"]
[Black "Gulko, Boris F"]
[Result "1/2-1/2"]
[WhiteElo "2655"]
[BlackElo "2615"]
[Annotator "Ftacnik,L"]
[PlyCount "111"]
[EventDate "1994.06.??"]
[EventType "match"]
[EventRounds "8"]
[EventCountry "USA"]
[SourceTitle "CBM 042"]
[Source "ChessBase"]
[SourceDate "1994.10.01"]
[SourceVersion "1"]
[SourceVersionDate "1994.10.01"]
[SourceQuality "1"]

1. e4 c6 2. d4 d5 3. Nc3 dxe4 4. Nxe4 Nd7 5. Nf3 Ngf6 6. Nxf6+ Nxf6 7. Bc4 Bf5
8. O-O (8. Qe2 e6 9. Bg5 Be7 10. O-O-O $5 {Tiviakov,S-Adams,M/New York PCA m-3/
1994/}) 8... e6 9. h3 Be7 10. c3 O-O 11. Qe2 c5 (11... Qc7) 12. Bf4 Be4 $5 13.
Rad1 Bxf3 (13... Qb6) 14. Qxf3 Qb6 15. dxc5 (15. b3 cxd4 16. Rxd4 Rfd8 $10)
15... Bxc5 (15... Qxb2 16. Rb1 Qa3 17. Rxb7 $14) 16. Rd2 Rfd8 17. Rfd1 Be7 (
17... Rxd2 18. Rxd2 Rd8 19. Rxd8+ Qxd8 20. Qxb7 Qd1+ 21. Kh2 Bxf2 $4 22. Qc8+
$18) 18. b3 Rxd2 19. Rxd2 a6 (19... Rd8 20. Be3 Qc7 21. Rxd8+ Bxd8 22. Bd4 a6
23. a4 $14) 20. g3 (20. g4 $5) 20... h6 21. Be5 Rd8 22. Rxd8+ Bxd8 23. Bf1 (23.
a4 $5 Qa5 $5 24. Bxf6 Bxf6 25. Qxb7 Qxc3 26. Bxa6 (26. Qxa6 Bd4 27. Kg2 Qd2 28.
Qa8+ Kh7 29. Qf3 Kg8 $13) 26... Bd4 27. Kg2 Qd2 28. Qa8+ $1 Kh7 29. Qf3 Kg8 $14
) 23... Qa5 $1 24. Bxf6 (24. Bd4 e5 25. b4 Qc7) 24... Bxf6 25. Qxb7 Qxc3 (25...
Qxa2 $2 26. Qb8+ Kh7 27. Bd3+ g6 28. Qf8 $16) 26. Qxa6 Bd4 $1 27. Kg2 (27. Qd3
Qxd3 28. Bxd3 Bc5 29. a4 Bb4 $10) 27... Qd2 28. Qa8+ Kh7 29. Qf3 (29. Qe4+ g6)
29... Kg8 (29... f5 $2 {xe6} 30. Bc4 Qe1 31. a4 $16) 30. a4 (30. a3 $5 Qb2 31.
b4 Qc3 $14 (31... Bc3 $6 32. Qa8+ Kh7 33. Bd3+ f5 (33... g6 $2 34. Qf8 $18) 34.
Bc4 (34. g4 $5 Be1 35. Qf3 g6 36. Bc4 Qe5 37. Kf1 {/\ Qe2+/-}) 34... Be1 $1 (
34... Bd4 $2 35. Qf3) 35. Qf3 Qe5 36. Kf1 $1 Kg6 (36... Bc3 37. Bxe6) (36...
Qa1 37. Bxe6 Bxb4+ 38. Kg2 Bxa3 $1 39. Bxf5+ g6 40. Qb7+ Qg7 41. Bxg6+ $1 Kxg6
42. Qa6+ Qf6 43. Qxa3 $18) 37. Qc6 $1 $16)) 30... g6 31. Bb5 Qc3 (31... h5 32.
Be8 $1) 32. Qxc3 (32. Qe4 $5) 32... Bxc3 33. Kf3 Kf8 34. g4 (34. Ke3 Ke7 35.
Kd3 Be1 $1) 34... Ke7 35. Ke2 f5 $1 36. Kd3 Be1 37. f3 (37. gxf5 exf5 38. f3 g5
) 37... fxg4 38. fxg4 (38. hxg4 h5) 38... h5 39. Kc4 (39. gxh5 gxh5 40. Kc4 h4
$10) 39... hxg4 40. hxg4 Kd6 41. b4 g5 $1 42. Be8 (42. a5 Bd2) 42... Bd2 43.
Bf7 Be1 44. a5 Bd2 45. Kb5 (45. a6 Be3 $10) 45... Kc7 $1 (45... e5 $2 46. Kb6
Bxb4 47. a6 Bc5+ 48. Kb7 e4 49. Bb3 Ke5 50. a7 Bxa7 51. Kxa7 Kf4 52. Bd1 Ke3
53. Kb6 Kd2 54. Kc5 Kxd1 (54... e3 55. Kd4 e2 56. Bxe2 Kxe2 57. Ke4 $18) 55.
Kd4 $18) 46. Bxe6 Be1 47. Bf7 Bd2 48. Be8 Be1 49. Ka4 Kd6 50. b5 Kc5 51. b6 (
51. a6 Kb6 $10) 51... Bd2 52. b7 Bf4 53. Kb3 Bb8 54. Kc3 Kd6 55. Bb5 Kc7 56. a6
(56. a6 Kb6 57. Bd3 Bf4 $10) 1/2-1/2

[Event "Candidates final"]
[Site "Elista"]
[Date "2007.06.08"]
[Round "2.3"]
[White "Leko, Peter"]
[Black "Bareev, Evgeny"]
[Result "1-0"]
[WhiteElo "2738"]
[BlackElo "2643"]
[Annotator "Ftacnik,L"]
[PlyCount "81"]
[EventDate "2007.06.06"]
[EventType "k.o."]
[EventRounds "6"]
[EventCountry "RUS"]
[SourceTitle "CBM 119"]
[Source "ChessBase"]
[SourceDate "2007.08.01"]
[SourceVersion "1"]
[SourceVersionDate "2007.08.01"]
[SourceQuality "1"]

1. e4 c6 2. d4 d5 3. Nc3 dxe4 4. Nxe4 Nd7 5. Ng5 Ngf6 6. Bd3 e6 7. N1f3 Bd6 8.
Qe2 h6 9. Ne4 Nxe4 10. Qxe4 Qc7 11. O-O b6 12. Qg4 Kf8 13. Qh4 Bb7 14. Re1 {
Leko also won against Bareev in the first game of their match. After thorough
homepreparation he probably understood, that in the fight against artificial
castling patience is the key issue.} (14. b3 c5 15. Be4 Be7 16. Bg5 Bxg5 17.
Nxg5 hxg5 18. Qxh8+ Ke7 19. Qxg7 Bxe4 20. Qxg5+ Nf6 21. f3 Bxc2 22. dxc5 Rg8
23. Qd2 Qxc5+ 24. Rf2 Bf5 {1/2 David,A (2548)-Schlosser,P (2534)/France 2003/})
14... Kg8 (14... Re8 15. Bd2 c5 (15... Kg8 16. Rad1 c5 17. Be4 g5 18. Qh3 Bxe4
19. Rxe4 f5 20. Ree1 g4 21. Qh5 Nf6 22. Qg6+ Qg7 23. Qxg7+ Kxg7 24. dxc5 Bxc5
25. Ne5 Ne4 {0-1 Salazar,J (2150)-Abdulla,A (2350)/Calicut 1998/ (59)}) 16. Be4
Bxe4 17. Rxe4 Nf6 18. Re2 c4 19. Ne5 Bxe5 20. dxe5 Nd5 21. a4 Rc8 {0-1
Arakhamia Grant,K (2440)-Speelman,J (2605)/England 1998/ (51)}) 15. Qh3 Re8 (
15... g5 16. Rxe6 $1 fxe6 17. Qxe6+ Kf8 (17... Kg7 18. Qg6+ Kf8 19. Bc4 $18)
18. Bc4 Nb8 19. Bf4 gxf4 20. Qf6+ Ke8 21. Re1+ $18) 16. c4 Nf6 (16... c5 17. d5
Ne5 18. Nxe5 Bxe5 $13) 17. Bd2 c5 18. d5 $5 {The critical moment of the whole
opening. Bareev had to find courage to accept the challenge and the sacrificed
pawn.} (18. Bc3 cxd4 19. Nxd4 $14) 18... e5 $6 (18... exd5 19. cxd5 Bxd5 20.
Bc3 Rd8 21. Bxf6 gxf6 22. Qg4+ Kf8 23. Be4 Bxe4 24. Qxe4 $13) 19. Bc3 g6 (19...
e4 20. Bxf6 gxf6 21. Qg4+ Kf8 22. Bxe4 $16) 20. Qh4 Kg7 21. Nd2 Qd8 (21... b5
22. b3 b4 23. Bb2 g5 24. Qh3 Bc8 25. Qe3 $16) 22. Bc2 Bc8 23. Ba4 g5 $6 {
The defender's plight lies in the imperfect coordination of forces, but the
weakening of the kingside will not help him in his search for harmony.} (23...
Re7 $2 24. f4 $1 $18) (23... Bd7 $1 24. Bxd7 Nxd7 25. Qxd8 Rxd8 26. Re3 f6 27.
Rae1 $14) 24. Qg3 Nh5 (24... Bd7 25. Bc2 Qb8 26. h4 $16) 25. Qf3 g4 26. Qd1 Re7
(26... Bd7 27. Ne4 Bb8 (27... Bxa4 28. Qxg4+) 28. h3 $16) 27. h3 (27. Ne4 Nf4
28. Qd2 f6 29. Nxf6 Nxg2 30. Kxg2 Kxf6 31. Qf4+ Kg7 32. Qg3 $16) 27... Nf6 28.
hxg4 Bxg4 (28... Nxg4 29. Ne4 Bb8 30. d6 $18) 29. f3 (29. Qc1 Rg8 30. Ne4 Nxe4
31. Rxe4 f5 32. Qf4 fxe4 33. Qxg4+ Kh8 34. Qxe4 $16) 29... Bc8 (29... Bd7 30.
Bxd7 Qxd7 31. Ne4 Nxe4 32. Rxe4 $16) 30. Re3 $1 {[%mdl 32] The key move in the
decisive phase of the advance of the white pieces. The rook on e3 is excellent
in several variations and white queen has got a chance of a speedy transfer to
the kingside.} Nh5 (30... a6 31. Qe1 b5 32. Bc2 bxc4 33. Nxc4 Nxd5 34. Rd1 $18)
31. Qe1 f6 32. Qh4 (32. Ne4 Rf8 33. Qh4 Nf4 34. Nxd6 Qxd6 35. Bc2 $16) 32...
Nf4 33. Ne4 Rf7 (33... Rf8 34. Nxd6 Qxd6 35. Bc2 $16) 34. g3 Ng6 35. Qh5 Bb8
36. Bc2 f5 37. f4 $1 {Leko insists on opening the game uncompromisingly, just
at the moment when Black is ill prepared for the direct clash of the armies.}
Re8 (37... fxe4 38. Bxe4 Rf6 (38... Qd6) 39. fxe5 Nxe5 40. Bxe5 $16) 38. Nf2
Rf6 (38... Qf6 39. Nd3 Kg8 40. Rae1 Rfe7 41. Qe2 $18) 39. Rae1 e4 40. Bxe4 $1
fxe4 41. Nxe4 (41. Nxe4 Rxe4 (41... Ref8 42. Nxf6 Rxf6 43. Re8 $18) 42. Rxe4
Bd7 43. f5 Ne5 44. Rxe5 Bxe5 45. Rxe5 $18) 1-0